000 00493 a2200193 4500
005 20260401115243.0
008 260325b |||||||| |||| 00| 0 eng d
020 _a9789371269957
_cRs. 145.00
040 _aMAIN
082 _a343.076
_bT199R
100 _aTaxmann
245 _aReal estate (Regulation and development) act 2016
260 _bTaxmann Publications
_c2025
_aNew Delhi
300 _av.
650 _aLaw
650 _aEconomic Law
650 _aReal Estate
942 _cBK
999 _c396340
_d396340